| 000 | 00665naa a2200157 i 4500 | ||
|---|---|---|---|
| 001 | 8975 | ||
| 003 | KOSZ 005 | ||
| 005 | 20180313102322.0 | ||
| 008 | 150319s2004 pl f |100 0 pol | ||
| 040 |
_cBPK _dKOSZ 005/EG |
||
| 100 | 1 |
_aWERNO, Maciej. _d1998 - 2004. _bPolitechnika Koszalińska - Wydział Budownictwa i Inżynierii Środowiska, _cKatedra Geotechniki |
|
| 245 | 1 | 0 |
_aStabilizacja chemiczna gruntów gliniastych / _cM. Werno, A. Przydatek. |
| 650 | 0 | _aMechanika gruntów. | |
| 773 | 0 |
_iW : _tJubileuszowa Międzynarodowa Konferencja Naukowa "Aktualne problemy naukowo-badawcze budownictwa". - _dOlsztyn-Kortowo, 2004. - _gs. 183-188 |
|
| 942 |
_cROZ _2UKD |
||
| 999 |
_c8975 _d8975 |
||